000 00997nam a2200277 i 4500
001 bg
100 1 _aGutkowski, Bogdan.
245 1 0 _aAktualne przepisy w ochronie środowiska i inwestycjach :
_bsuplement 4 do wydania "Aktualne przepisy w ochronie środowiska i inwestycjach" z suplementami, Koszalin 2006 /
_c[aut. Bogdan Gutkowski].
250 _aStan prawny na dzień 01.08.2008 r.
260 _aKoszalin :
_bAOS,
_c2008.
300 _a73 k. ;
_c30 cm.
500 _aVerso kart nie zadruk.
500 _aNa okł. podtyt.: suplement 4, sierpień 2008 : poradnik.
504 _aBibliogr. przy niektórych rozdz.
650 9 _aPrawo ochrony środowiska
_zPolska
_ystan na 2008 r.
655 _aPoradniki
020 _a9788392597513
040 _cBPK
041 0 _apol
044 _aPOL
080 _a349.6(438)(083.1)
920 _a978-83-925975-1-3
942 _cKS
008 s pl f |000 0 pol
999 _c55767
_d55767
856 _uhttp://koha.tu.koszalin.pl/cgi-bin/koha/opac-detail.pl?biblionumber=55767
_yKatalog online BPK